| 000 | 00966 a2200217 4500 | ||
|---|---|---|---|
| 999 |
_c3590 _d3590 |
||
| 020 | _a9780521586498 | ||
| 050 | 0 | 0 | _aLB 1576 UR |
| 100 | 1 |
_aUr, Penny _eAuthor |
|
| 245 | 1 | 0 |
_aFive-minute activities : _ba resource book of short activities / _cPenny Ur, Andrew Wright ; with illustrations by Andrew Wright |
| 264 |
_aUnited Kingdom: _bCambridge University Press, _c1992 |
||
| 300 |
_axii, 105 p. : _bill. |
||
| 440 | 0 | _aCambridge handbooks for language teachers | |
| 500 | _aIncludes bibliographical references (p. 102) and index. | ||
| 504 | _aIncludes bibliographical references (p. 102) and index. | ||
| 650 | 0 | _aLanguage arts (Elementary) | |
| 650 | 0 | _aActivity programs in education. | |
| 700 | 1 |
_aWright, Andrew, _eAuthor |
|
| 856 | 4 | 2 |
_3Publisher description _uhttp://www.loc.gov/catdir/description/cam024/91013302.html |
| 942 |
_2lcc _cBK _h1576 _iUR _kLB |
||